000 05025cam a2200493 i 4500
001 22832173
003 CSPC
005 20260318160657.0
008 221014s2024 maua b 001 0 eng
010 _a 2022050000
020 _a9781284250565
_q(hardcover)
035 _a22832173
040 _aDNLM/DLC
_beng
_erda
_cDLC
_dDLC
_dCSPC
042 _apcc
050 0 0 _aRG950
_b.V37 2024
060 0 0 _aWY 157
082 0 0 _a618.2
_bV431
_223/eng/20230429
084 _aMED058120
_2bisacsh
245 0 0 _aVarney's midwifery /
_cedited by Julia Phillippi and Ira Kantrowitz-Gordon.
246 1 _aMidwifery
250 _aSeventh edition.
264 1 _aBurlington, Massachusetts :
_bJones & Bartlett Learning,
_c2024.
300 _axli, 1687 pages :
_billustrations ;
_c28 cm.
336 _atext
_btxt
_2rdacontent
337 _aunmediated
_bn
_2rdamedia
338 _avolume
_bnc
_2rdacarrier
504 _aIncludes bibliographical references and index.
505 0 _aPart I. Midwifery -- Context of individuals seeking midwifery care -- Professional foundations of midwifery -- Part II. Primary care -- An introduction to sexual, reproductive, and primary care -- Health promotion across the lifespan -- Common conditions in primary care -- Nutrition -- Mental health conditions -- Part III. Sexual, gynecologic, and reproductive health care -- Anatomy and physiology of the reproductive health care -- Anatomy and physiology of the reproductive system -- Sexuality -- Fertility, family building, and contraception -- Nonhormonal contraception -- Hormonal contraception -- Gender-affirming care -- Menopause -- Menstrual cycle abnormalities -- Malignant and chronic gynecologic disorders -- Breast and chest conditions -- Reproductive tract and sexually transmitted infections -- Part IV. Antepartum -- Anatomy and physiology of pregnancy -- Assessment for genetic and fetal abnormalities -- Prenatal care -- Early pregnancy loss and abortion care -- Pregnancy-related Conditions -- Medical complications in pregnancy -- Part V. Intrapartum -- Anatomy and physiology of labor and birth -- First stage of labor -- Fetal assessment during labor -- Support during labor -- Second stage of labor and birth -- Complications during labor and birth -- Third stage of labor -- Birth in the home and birth center -- Part VI. Postpartum -- Anatomy and physiology of postpartum -- Postpartum care -- Postpartum complications -- Part VII. Newborn -- Anatomy and physiology of the newborn -- Infant feeding and lactation -- Physical assessment of the newborn -- Neonatal care -- Appendix A. Chapter alignment with ACNM core competencies and ICM essential competencies.
520 _a"Varney's Midwifery reflects current evidence-based guidelines. The Seventh Edition addresses care of women throughout the lifespan, including primary care, gynecology, maternity care in a variety of settings, and newborn care. It also provides new content on social determinants of health, the changing face of the population, and the population that midwives serve. It is known as the gold standard for midwifery practice"--
_cProvided by publisher.
520 _a"Varney's Midwifery, Seventh Edition is the gold standard for midwifery practice. This text reflects current evidence-based guidelines and addresses care of women throughout the lifespan, including primary care, gynecology, maternity care in a variety of settings, and newborn care. It also provides content on social determinants of health, the changing face of the population, and the population that midwives serve.With chapters written by expert midwives with an emphasis on anatomy, physiology, and normal physiologic processes, this text will assist students and midwives in providing healthcare services today. Chapter appendices present essential skills that are designed to help students, midwives, and international readers learn skills that are core components of midwifery practice. These critical skills are evidence-based and include insertion of contraceptive devices, hand maneuvers for birth, management of a fetus in a breech presentation, and steps for managing postpartum hemorrhage"--
_cProvided by publisher.
650 1 2 _aMidwifery.
650 1 2 _aNurse midwives.
650 2 2 _aObstetric nursing.
650 2 2 _aPregnancy.
650 2 2 _aPregnancy complications.
650 7 _aMEDICAL / Nursing / Maternity, Perinatal, Women's Health
_2bisacsh
700 1 _aPhillippi, Julia,
_eeditor.
700 1 _aKantrowitz-Gordon, Ira,
_d1968-
_eeditor.
776 0 8 _iOnline version:
_tVarney's midwifery
_bSeventh edition.
_dBurlington, MA : Jones & Bartlett Learning, [2024]
_z9781284250572
_w(DLC) 2022050001
906 _a7
_bcbc
_corignew
_d1
_eecip
_f20
_gy-gencatlg
942 _2ddc
_cBK
_e23
_h618.2
_iV431
_kNUR
_m2024
_n0
999 _c32081
_d32081